书目信息 |
| 题名: |
虚静声希
|
|
| 作者: | 许家兴 著 | |
| 分册: | ||
| 出版信息: | 北京 北京师范大学出版社 2014 |
|
| 页数: | 302页 | |
| 开本: | 19cm | |
| 丛书名: | 京师爱乐丛书 | |
| 单 册: | ||
| 中图分类: | J605-53 | |
| 科图分类: | ||
| 主题词: | 音乐欣赏--文集 , 音乐评论--文集 | |
| 电子资源: | ||
| ISBN: | 978-7-303-17401-0 | |
| 000 | 01064nam0 2200277 450 | |
| 001 | 337674 | |
| 005 | 20150526101616.70 | |
| 010 | @a978-7-303-17401-0@dCNY35.00 | |
| 100 | @a20140303d2014 em y0chiy50 ea | |
| 101 | 0 | @achi |
| 102 | @aCN@b110000 | |
| 105 | @ay z 000yy | |
| 106 | @ar | |
| 200 | 1 | @a虚静声希@Axu jing sheng xi@e音乐品鉴的乐趣@f许家兴著 |
| 210 | @a北京@c北京师范大学出版社@d2014 | |
| 215 | @a302页@d19cm | |
| 225 | 1 | @a京师爱乐丛书@f刘雪枫主编 |
| 330 | @a本书收录作者近年来发表于三联《爱乐》杂志、《看电影》和诸多文学杂志网站等的爱乐聆听文字和古典音乐随笔。包括海丁克的鹧鸪天, 带雨云埋一半山;老夫聊发少年狂——海丁克画龙点睛;阿巴多北京马勒双听记;比契科夫能让心灵共鸣;两种俄罗斯风格的两种印象;音诗与音画——卡姆与芬兰拉蒂交响乐团音乐会印象等。 | |
| 410 | 0 | @12001 @a京师爱乐丛书 |
| 517 | 1 | @a音乐品鉴的乐趣@Ayin yue pin jian de le qu |
| 606 | 0 | @a音乐欣赏@j文集 |
| 606 | 0 | @a音乐评论@j文集 |
| 690 | @aJ605-53@v5 | |
| 701 | 0 | @a许家兴@Axu jia xing@f(1960)@4著 |
| 801 | 0 | @aCN@b卓展宏图@c20150525 |
| 905 | @dJ605-53@e624@f4 | |
| 虚静声希:音乐品鉴的乐趣/许家兴著.-北京:北京师范大学出版社,2014 |
| 302页;19cm.-(京师爱乐丛书/刘雪枫主编) |
| ISBN 978-7-303-17401-0:CNY35.00 |
| 本书收录作者近年来发表于三联《爱乐》杂志、《看电影》和诸多文学杂志网站等的爱乐聆听文字和古典音乐随笔。包括海丁克的鹧鸪天, 带雨云埋一半山;老夫聊发少年狂——海丁克画龙点睛;阿巴多北京马勒双听记;比契科夫能让心灵共鸣;两种俄罗斯风格的两种印象;音诗与音画——卡姆与芬兰拉蒂交响乐团音乐会印象等。 |
| ● |
| 相关链接 |
|
|
|
|
正题名:虚静声希
索取号:J605-53/624
 
预约/预借
| 序号 | 登录号 | 条形码 | 馆藏地/架位号 | 状态 | 备注 |
| 1 | 854242 | 208542424 | 第一样本阅览室/ [索取号:J605-53/624] | 在馆 | |
| 2 | 854243 | 208542433 | 密集书库-音乐系/ [索取号:J605-53/624] | 在馆 | |
| 3 | 854244 | 208542442 | 第一借阅区/ [索取号:J605-53/624] | 在馆 | |
| 4 | 854245 | 208542451 | 第一借阅区/ [索取号:J605-53/624] | 在馆 |